000 00745nam a2200265Ia 4500
003 OSt
005 20220925224813.0
006 a|||||r|||| 00| 0
007 ta
008 220923b |||||||| |||| 00| 0 eng d
020 _a0 7100 7746 7
037 _cGeneral Book
040 _aRTL
_cRTL
_beng
041 _2eng
_aeng
082 _aR2, L4
100 _aHamilton Peter
_9133842
245 0 _aKnowledge and social structure
_b An introduction t
260 _aLondon
_bRoutledge and Kegan Paul U. K.
_c1974
300 _aix, 164p
_ccm.
490 _aInternational Library of Sociology
650 _a Philosophy
650 _aEpistemology
942 _hR2, L4
_cGB
_2CC
999 _c582216
_d582216